LEADER 02931nam a2200745 i 4500
001 nkc20253708110
003 CZ PrNK
005 20251023091549.0
007 ta
008 250910s2025 xr ac e 000 0dcze
015 |a cnb003708110 
020 |a 978-80-88631-26-2  |q (brožováno) 
035 |a (OCoLC)1549633022 
040 |a BOA001  |b cze  |d OLA001  |d ABA001  |e rda 
043 |a e-xr--- 
045 |a x3x9 
072 7 |a 72  |x Architektura  |2 Konspekt  |9 21 
080 |a 72.071.1  |2 MRF 
080 |a 72(437.3)  |2 MRF 
080 |a 7.025.3/.4  |2 MRF 
080 |a 72.012.8  |2 MRF 
080 |a 72.012.1  |2 MRF 
080 |a 929  |2 MRF 
080 |a (437.3)  |2 MRF 
080 |a (048.8)  |2 MRF 
080 |a (084.11)  |2 MRF 
100 1 |a Blazec, Zuzana  |4 aut 
245 1 0 |a "Nový svět" Kamila Fuchse /  |c texty: Zuzana Blazec, Jindřich Chatrný, Jarmila Kutějová, Filip Kyrc, Pavla Seitlová, Lucie Valdhansová 
264 1 |a Brno :  |b Muzeum města Brna,  |c 2025 
300 |a 87 stran :  |b ilustrace (některé barevné), portréty ;  |c 21 cm 
336 |a text  |b txt  |2 rdacontent 
336 |a statický obraz  |b sti  |2 rdacontent 
337 |a bez média  |b n  |2 rdamedia 
338 |a svazek  |b nc  |2 rdacarrier 
500 |a 700 výtisků 
500 |a Chronologický přehled 
504 |a Obsahuje bibliografické odkazy 
600 1 7 |a Fuchs, Kamil,  |d 1930-1995  |7 mzk2008453428  |2 czenas 
648 7 |a 20. století  |7 ch460558  |2 czenas 
648 4 |a 1930-1995 
650 0 7 |a architekti  |7 ph118582  |z Česko  |y 20. století  |2 czenas 
650 0 7 |a česká architektura  |7 ph128102  |y 20. století  |2 czenas 
650 0 7 |a obnova a rekonstrukce památek  |7 ph168233  |z Česko  |y 20. století  |2 czenas 
650 0 7 |a interiéry  |7 ph121148  |z Česko  |y 20. století  |2 czenas 
650 0 7 |a architektonické projekty  |7 ph137760  |z Česko  |y 20. století  |2 czenas 
650 0 9 |a architects  |z Czechia  |y 20th century  |2 eczenas 
650 0 9 |a Czech architecture  |y 20th century  |2 eczenas 
650 0 9 |a renewal and reconstruction of monuments  |z Czechia  |y 20th century  |2 eczenas 
650 0 9 |a interiors  |z Czechia  |y 20th century  |2 eczenas 
650 0 9 |a architectural projects  |z Czechia  |y 20th century  |2 eczenas 
655 7 |a monografie  |7 fd132842  |2 czenas 
655 7 |a obrazové publikace  |7 fd132947  |2 czenas 
655 9 |a monographs  |2 eczenas 
655 9 |a pictorial works  |2 eczenas 
700 1 |a Chatrný, Jindřich,  |d 1965-  |7 jo2006333769  |4 aut 
700 1 |a Kutějová, Jarmila  |7 mzk20251273857  |4 aut 
700 1 |a Kyrc, Filip  |7 xx0328642  |4 aut 
700 1 |a Seitlová, Pavla,  |d 1958-  |7 jn20001103343  |4 aut 
700 1 |a Valdhansová, Lucie,  |d 1984-  |7 jo2017943002  |4 aut 
910 2 |a BOA001  |b 2-1549.456 
990 |a BK 
995 |a 01 
991 |b 202509  |c NOV 
996 6 |b 2611013389  |c 2-1549.456  |l MZK  |r Sklad / do 1 hodiny  |n 0  |p p.v.  |w 002018162  |u 000010  |a 1  |e BOA001  |j MZK50  |s P 
996 7 |b 2611013390  |c 2-1549.456  |l MZK  |r Sklad / do 1 hodiny  |n 4  |p p.v.  |w 002018162  |u 000020  |a 1  |e BOA001  |j MZK50  |s A